[Event "SUI-chT"]
[Site "Switzerland"]
[Date "2021.10.23"]
[Round "4.5"]
[White "Kriste, Vincent"]
[Black "Knoedler, Dieter"]
[Result "0-1"]
[WhiteElo "2201"]
[BlackElo "2261"]
[PlyCount "40"]
[EventDate "2021.08.29"]
[EventType "team-tourn"]
[EventRounds "9"]
[EventCountry "SUI"]
[SourceTitle "EXT 2023"]
[Source "ChessBase"]
[SourceDate "2022.10.05"]
[SourceVersion "1"]
[SourceVersionDate "2022.10.05"]
[SourceQuality "1"]
[WhiteTeam "Reti"]
[BlackTeam "Bodan"]
[WhiteTeamCountry "SUI"]
[BlackTeamCountry "SUI"]

1. e4 e6 2. d3 c5 3. Nf3 Nc6 4. g3 g6 5. Bg5 Qb6 6. Nbd2 Qxb2 7. Nc4 Qg7 8. Rb1 d6 9. Bg2 h6 10. Bc1 Be7 11. 0-0 g5 12. Bb2 e5 13. c3 h5 14. d4 Rh6 15. d5 Nd8 16. Bc1 Rg6 17. Be3 b6 18. Qa4+ Bd7 19. Qa6 Nh6 20. Qb7 Nxb7 0-1

[Event "SUI-chT"]
[Site "Switzerland"]
[Date "2021.09.19"]
[Round "2.5"]
[White "Willems, Niels"]
[Black "Knoedler, Dieter"]
[Result "1-0"]
[WhiteElo "2291"]
[BlackElo "2261"]
[PlyCount "115"]
[EventDate "2021.08.29"]
[EventType "team-tourn"]
[EventRounds "9"]
[EventCountry "SUI"]
[SourceTitle "EXT 2022"]
[Source "ChessBase"]
[SourceDate "2021.10.06"]
[SourceVersion "1"]
[SourceVersionDate "2021.10.06"]
[SourceQuality "1"]
[WhiteTeam "Echallens"]
[BlackTeam "Bodan"]
[WhiteTeamCountry "SUI"]
[BlackTeamCountry "SUI"]

1. c4 e6 2. Nc3 Nf6 3. Nf3 c5 4. e3 Nc6 5. Be2 d5 6. cxd5 exd5 7. d4 a6 8. 0-0 Bd6 9. dxc5 Bxc5 10. b3 0-0 11. Bb2 Ba7 12. Rc1 Qd6 13. Rc2 Be6 14. Rd2 Rfd8 15. Qa1 Qe7 16. Rfd1 Rac8 17. Bf1 Qf8 18. h3 h6 19. g3 Rd7 20. Bg2 Rdc7 21. Ne2 Ne4 22. Rc2 Nb4 23. Rxc7 Rxc7 24. Nfd4 Nc2 25. Qb1 Nxd4 26. Bxd4 Bxd4 27. Rxd4 Nf6 28. Kh2 Qc8 29. Rd2 Bf5 30. Qb2 Rc2 31. Rxc2 Qxc2 32. Qxc2 Bxc2 33. Nc3 Be4 34. f3 Bd3 35. g4 g5 36. Kg3 a5 37. h4 b5 38. a3 b4 39. axb4 axb4 40. Na2 Bc2 41. Nxb4 Bxb3 42. f4 gxh4+ 43. Kxh4 Kg7 44. g5 hxg5+ 45. Kxg5 Bc4 46. Bf3 Bb3 47. Kf5 Bc4 48. Ke5 Bb3 49. Nxd5 Bxd5 50. Bxd5 Ng4+ 51. Kd4 f5 52. Bf3 Nf6 53. Ke5 Kg6 54. Ke6 Ne8 55. Be2 Ng7+ 56. Ke5 Ne8 57. Bd3 Ng7 58. Bc2 1-0

[Event "SUI-chT"]
[Site "Switzerland"]
[Date "2021.08.29"]
[Round "1.4"]
[White "Knoedler, Dieter"]
[Black "Georgiadis, Ioannis"]
[Result "1/2-1/2"]
[WhiteElo "2261"]
[BlackElo "2487"]
[PlyCount "63"]
[EventDate "2021.08.29"]
[EventType "team-tourn"]
[EventRounds "9"]
[EventCountry "SUI"]
[SourceTitle "CBM 204 Extra"]
[Source "ChessBase"]
[SourceDate "2021.11.30"]
[SourceVersion "1"]
[SourceVersionDate "2021.11.30"]
[SourceQuality "1"]
[WhiteTeam "Bodan"]
[BlackTeam "Riehen"]
[WhiteTeamCountry "SUI"]
[BlackTeamCountry "SUI"]

1. c4 Nf6 2. g3 c6 3. Bg2 d5 4. Nf3 dxc4 5. 0-0 Nbd7 6. Na3 Nb6 7. Qc2 g6 8. Nxc4 Nxc4 9. Qxc4 Bg7 10. d3 0-0 11. Bd2 Nd5 12. Qc2 e5 13. Rac1 h6 14. b4 Re8 15. a4 Qe7 16. Qb1 Bd7 17. Rfe1 Bf8 18. e4 Nxb4 19. Nxe5 Qxe5 20. Bxb4 c5 21. Bc3 Qc7 22. Qa1 Bc6 23. a5 Qd7 24. d4 cxd4 25. Bxd4 Qe6 26. Qb2 Reb8 27. h4 h5 28. Kh2 a6 29. Rcd1 Qe8 30. f4 Ba4 31. Rb1 Rc8 32. Re2 1/2-1/2

[Event "SUI-chT"]
[Site "Switzerland"]
[Date "2017.10.14"]
[Round "8.4"]
[White "Maier, Christian"]
[Black "Knoedler, Dieter"]
[Result "1-0"]
[WhiteElo "2394"]
[BlackElo "2314"]
[PlyCount "105"]
[EventDate "2017.03.19"]
[EventType "team-swiss"]
[EventRounds "9"]
[EventCountry "SUI"]
[SourceTitle "EXT 2019"]
[Source "ChessBase"]
[SourceDate "2018.10.10"]
[SourceVersion "1"]
[SourceVersionDate "2018.10.10"]
[SourceQuality "1"]
[WhiteTeam "Reti"]
[BlackTeam "Bodan"]
[WhiteTeamCountry "SUI"]
[BlackTeamCountry "SUI"]

1. d4 e6 2. Nf3 Nf6 3. e3 c5 4. Be2 Be7 5. 0-0 0-0 6. dxc5 Bxc5 7. b3 d5 8. Bb2 Nc6 9. Nbd2 Qe7 10. c4 Rd8 11. Qc2 Bb6 12. Rad1 Bd7 13. Qb1 Rac8 14. Qa1 dxc4 15. Nxc4 Bc5 16. a3 b5 17. b4 bxc4 18. bxc5 Ne8 19. Bxc4 Qxc5 20. Rc1 Qe7 21. Bc3 Rb8 22. h3 Bc8 23. Rfd1 Bb7 24. Bf1 Rxd1 25. Rxd1 Rc8 26. Qb2 Nb8 27. Ne5 Bd5 28. f3 f6 29. Bb4 Qc7 30. Nd3 Qb6 31. Qd2 Bc4 32. Rc1 Ba6 33. Rxc8 Bxc8 34. Kf2 Nc6 35. Bc5 Qd8 36. Qa2 Kf7 37. Nb4 Ne5 38. Bxa7 g5 39. Bd4 Ng6 40. a4 Qd6 41. Qc4 Bb7 42. a5 Nh4 43. Qc5 Nf5 44. Qxd6 Nfxd6 45. Bd3 h6 46. Bc5 e5 47. a6 Bxa6 48. Bxa6 Nf5 49. Bc4+ Kg7 50. Be6 Nh4 51. Nc6 Ng6 52. Ne7 Nxe7 53. Bxe7 1-0

[Event "Bodensee op"]
[Site "Bregenz"]
[Date "2017.05.25"]
[Round "6"]
[White "Knoedler, Dieter"]
[Black "Bharath, Subramaniyam H"]
[Result "1-0"]
[WhiteElo "2308"]
[BlackElo "2204"]
[PlyCount "115"]
[EventDate "2017.05.20"]
[EventType "swiss"]
[EventRounds "9"]
[EventCountry "AUT"]
[SourceTitle "CBM 178 Extra"]
[Source "ChessBase"]
[SourceDate "2017.06.22"]
[SourceVersion "1"]
[SourceVersionDate "2017.06.22"]
[SourceQuality "1"]

1. c4 g6 2. g3 Bg7 3. Bg2 e5 4. Nc3 d6 5. d3 f5 6. e4 Nf6 7. Nge2 0-0 8. 0-0 Nc6 9. Nd5 h6 10. Be3 Be6 11. h3 Qd7 12. exf5 Bxf5 13. g4 Be6 14. Qd2 Kh7 15. d4 exd4 16. Nxd4 Nxd4 17. Bxd4 Qf7 18. b3 Bxd5 19. cxd5 Rfe8 20. Rae1 Rxe1 21. Rxe1 Re8 22. Rxe8 Nxe8 23. Be3 a6 24. Qd3 Nf6 25. Qc4 Qe7 26. a4 Qe5 27. Bf3 Ne8 28. Kg2 Qe7 29. Bd2 Bf6 30. a5 Qe5 31. Be3 Qc3 32. Qa4 Ng7 33. Qd7 Qxb3 34. Qf7 Bg5 35. Be4 Kh8 36. Bxg6 Be7 37. Qxe7 Qxd5+ 38. Be4 Qe6 39. Qf8+ Qg8 40. Qxg8+ Kxg8 41. Bxb7 Ne6 42. Bxa6 c6 43. Bb7 Nc7 44. Bb6 Nd5 45. Bxc6 Nb4 46. Bb5 Kf7 47. a6 Nxa6 48. Bxa6 d5 49. f4 Kg6 50. Bb7 d4 51. Bxd4 Kf7 52. Bd5+ Kg6 53. f5+ Kh7 54. f6 Kg6 55. f7 h5 56. f8Q hxg4 57. Qf6+ Kh5 58. Bf7# 1-0

[Event "Bodensee op"]
[Site "Bregenz"]
[Date "2017.05.23"]
[Round "4"]
[White "Knoedler, Dieter"]
[Black "Balasubramaniam, H."]
[Result "1/2-1/2"]
[WhiteElo "2308"]
[BlackElo "2165"]
[PlyCount "71"]
[EventDate "2017.05.20"]
[EventType "swiss"]
[EventRounds "9"]
[EventCountry "AUT"]
[SourceTitle "CBM 178 Extra"]
[Source "ChessBase"]
[SourceDate "2017.06.22"]
[SourceVersion "1"]
[SourceVersionDate "2017.06.22"]
[SourceQuality "1"]

1. c4 Nf6 2. g3 g6 3. Bg2 Bg7 4. Nc3 0-0 5. e4 d6 6. Nge2 e5 7. 0-0 Nc6 8. d3 Ne8 9. Nd5 Nd4 10. Nxd4 exd4 11. b4 c6 12. Nf4 Nc7 13. a4 Ne6 14. Ne2 c5 15. bxc5 dxc5 16. f4 f5 17. h3 fxe4 18. Bxe4 Nc7 19. Kh2 Ne8 20. Ng1 Nd6 21. Bd5+ Kh8 22. g4 Qc7 23. Bd2 Bd7 24. Qf3 Rae8 25. Kh1 Re7 26. a5 b6 27. axb6 axb6 28. Qg2 b5 29. Nf3 bxc4 30. dxc4 Ne4 31. Rfe1 Rfe8 32. Rxe4 Rxe4 33. Ng5 R4e7 34. Nf7+ Rxf7 35. Bxf7 Rf8 36. Bd5 1/2-1/2

[Event "Bodensee op"]
[Site "Bregenz"]
[Date "2017.05.22"]
[Round "3"]
[White "Sikkel, Dirk"]
[Black "Knoedler, Dieter"]
[Result "0-1"]
[WhiteElo "1953"]
[BlackElo "2308"]
[PlyCount "60"]
[EventDate "2017.05.20"]
[EventType "swiss"]
[EventRounds "9"]
[EventCountry "AUT"]
[SourceTitle "CBM 178 Extra"]
[Source "ChessBase"]
[SourceDate "2017.06.22"]
[SourceVersion "1"]
[SourceVersionDate "2017.06.22"]
[SourceQuality "1"]

1. e4 e6 2. d4 d5 3. Nd2 a6 4. e5 c5 5. c3 Nc6 6. Ndf3 Qb6 7. a3 c4 8. Qc2 Bd7 9. Be3 Na5 10. Nd2 f6 11. Ngf3 Ne7 12. h4 Nec6 13. Rb1 fxe5 14. dxe5 Bc5 15. Bxc5 Qxc5 16. Be2 b5 17. 0-0 Ke7 18. b4 cxb3 19. Nxb3 Nxb3 20. Rxb3 Be8 21. Bd3 Bh5 22. Ng5 h6 23. Nh3 Rhf8 24. Bg6 Bg4 25. Kh2 Nxe5 26. f4 Bxh3 27. Kxh3 Qc4 28. Rbb1 Rxf4 29. Rxf4 Qxf4 30. Re1 Qg4+ 0-1

[Event "Bodensee op"]
[Site "Bregenz"]
[Date "2017.05.21"]
[Round "2"]
[White "Knoedler, Dieter"]
[Black "Giesinger, Elias"]
[Result "1/2-1/2"]
[WhiteElo "2308"]
[BlackElo "2074"]
[PlyCount "112"]
[EventDate "2017.05.20"]
[EventType "swiss"]
[EventRounds "9"]
[EventCountry "AUT"]
[SourceTitle "CBM 178 Extra"]
[Source "ChessBase"]
[SourceDate "2017.06.22"]
[SourceVersion "1"]
[SourceVersionDate "2017.06.22"]
[SourceQuality "1"]

1. c4 b6 2. Nc3 c5 3. e4 Bb7 4. Nge2 e6 5. g3 d6 6. Bg2 a6 7. 0-0 Nf6 8. d4 cxd4 9. Nxd4 Qc7 10. Be3 Nbd7 11. Rc1 Be7 12. f4 0-0 13. f5 e5 14. Nb3 Rac8 15. Nd2 Qb8 16. Qe2 b5 17. cxb5 axb5 18. Qxb5 Ng4 19. Bf2 Bg5 20. Rcd1 Nxf2 21. Rxf2 Be3 22. Qe2 Qa7 23. Nb3 Bxf2+ 24. Qxf2 Qxf2+ 25. Kxf2 Nc5 26. Na5 Ba6 27. Ke3 Rfd8 28. Bf1 Bxf1 29. Rxf1 f6 30. Rd1 Kf8 31. Nd5 Na4 32. Rd2 Ra8 33. Nc4 Nc5 34. a3 Nb3 35. Rd3 Nd4 36. Kd2 Rac8 37. Ncb6 Rc2+ 38. Kd1 Rxb2 39. a4 Rxh2 40. Rc3 Rh1+ 41. Kd2 Ra1 42. g4 h6 43. Kd3 Rg1 44. Ne3 Kg8 45. Ra3 Rb8 46. a5 Rb1 47. Kc4 R1xb6 48. axb6 Rxb6 49. Ra8+ Kh7 50. Kd5 Nb5 51. Rc8 Nd4 52. Nc4 Rb5+ 53. Kxd6 Rb3 54. Ke7 Rb7+ 55. Ke8 Nb5 56. Rc6 Rc7 1/2-1/2

[Event "Bodensee-Cup"]
[Site "Kreuzlingen"]
[Date "2017.05.06"]
[Round "2.2"]
[White "Knoedler, Dieter"]
[Black "Moor, Roger"]
[Result "0-1"]
[WhiteElo "2308"]
[BlackElo "2394"]
[PlyCount "54"]
[EventDate "2017.05.05"]
[EventType "team-swiss"]
[EventRounds "3"]
[EventCountry "SUI"]
[SourceTitle "EXT 2020"]
[Source "ChessBase"]
[SourceDate "2019.10.17"]
[SourceVersion "1"]
[SourceVersionDate "2019.10.17"]
[SourceQuality "1"]
[WhiteTeam "Bodan+ II"]
[BlackTeam "Schweiz II"]
[WhiteTeamCountry "GER"]
[BlackTeamCountry "SUI"]

1. c4 Nf6 2. g3 g6 3. Bg2 d5 4. cxd5 Nxd5 5. Nc3 Nxc3 6. bxc3 Bg7 7. Nf3 0-0 8. 0-0 Nd7 9. Rb1 c5 10. Qa4 Nb6 11. Qa5 Bf5 12. Rb5 c4 13. Nd4 Bxd4 14. cxd4 Bd7 15. Rc5 Bg4 16. e3 Qd7 17. Ba3 Rfe8 18. Re1 Bf5 19. e4 Bg4 20. d5 Bh3 21. Bxh3 Qxh3 22. Rc7 Nd7 23. Bb2 Rac8 24. e5 b6 25. Qxa7 Nc5 26. Rxe7 Nd3 27. Rxf7 Nxe1 0-1

[Event "Zuerich op-A 40th"]
[Site "Zuerich"]
[Date "2016.12.30"]
[Round "7"]
[White "Catsiapis, Yiannis"]
[Black "Knoedler, Dieter"]
[Result "1-0"]
[WhiteElo "1956"]
[BlackElo "2346"]
[PlyCount "35"]
[EventDate "2016.12.26"]
[EventType "swiss"]
[EventRounds "7"]
[EventCountry "SUI"]
[SourceTitle "CBM 176 Extra"]
[Source "ChessBase"]
[SourceDate "2017.03.02"]
[SourceVersion "1"]
[SourceVersionDate "2017.03.02"]
[SourceQuality "1"]

1. e4 e6 2. d4 d5 3. Nd2 c5 4. exd5 Qxd5 5. Ngf3 cxd4 6. Bc4 Qd6 7. 0-0 Nf6 8. Nb3 Nc6 9. Nbxd4 Nxd4 10. Nxd4 a6 11. Re1 Qc7 12. Bb3 Bd6 13. h3 0-0 14. Bg5 Be5 15. c3 h6 16. Nf3 Bxc3 17. Rc1 Rd8 18. Bd2 1-0

[Event "SUI-chT"]
[Site "Switzerland"]
[Date "2016.06.11"]
[Round "4.3"]
[White "Atlas, Valeri"]
[Black "Knoedler, Dieter"]
[Result "1/2-1/2"]
[WhiteElo "2456"]
[BlackElo "2326"]
[PlyCount "86"]
[EventDate "2016.03.20"]
[EventType "team-tourn"]
[EventRounds "9"]
[EventCountry "SUI"]
[SourceTitle "EXT 2017"]
[Source "ChessBase"]
[SourceDate "2016.10.25"]
[SourceVersion "1"]
[SourceVersionDate "2016.10.25"]
[SourceQuality "1"]
[WhiteTeam "Luzern"]
[BlackTeam "Bodan"]
[WhiteTeamCountry "SUI"]
[BlackTeamCountry "SUI"]

1. e4 e6 2. d4 d5 3. Nc3 Bb4 4. e5 c5 5. a3 Bxc3+ 6. bxc3 Ne7 7. h4 Nbc6 8. h5 Qa5 9. Bd2 cxd4 10. cxd4 Qa4 11. c3 Qxd1+ 12. Rxd1 h6 13. f4 Bd7 14. Nf3 Na5 15. Rb1 b6 16. Bd3 Nc4 17. Bc1 Rc8 18. Ng1 Rc7 19. Ne2 f5 20. exf6 gxf6 21. g4 Kf7 22. g5 Nd6 23. gxf6 Kxf6 24. f5 Nexf5 25. Bf4 Rhc8 26. Bxf5 Nxf5 27. Be5+ Ke7 28. Bxc7 Rxc7 29. Kd2 Be8 30. Rbg1 Rc4 31. Kc2 b5 32. Kb3 a5 33. Rc1 Kf6 34. Rhe1 Bxh5 35. Nf4 Bf7 36. Nd3 h5 37. Ne5 Rc7 38. Rh1 Be8 39. Rcg1 h4 40. Rg8 Bh5 41. Rf8+ Kg5 42. Rg8+ Kf6 43. Rf8+ Kg5 1/2-1/2

[Event "Bodensee-Cup"]
[Site "Bregenz"]
[Date "2016.04.24"]
[Round "3.7"]
[White "Hasenohr, Benedict"]
[Black "Knoedler, Dieter"]
[Result "0-1"]
[WhiteElo "2220"]
[BlackElo "2321"]
[PlyCount "124"]
[EventDate "2016.04.22"]
[EventType "team-tourn"]
[EventRounds "3"]
[EventCountry "AUT"]
[SourceTitle "EXT 2018"]
[Source "ChessBase"]
[SourceDate "2017.10.13"]
[SourceVersion "1"]
[SourceVersionDate "2017.10.13"]
[SourceQuality "1"]
[WhiteTeam "Switzerland"]
[BlackTeam "Wuerttemberg"]
[WhiteTeamCountry "SUI"]
[BlackTeamCountry "GER"]

1. d4 e6 2. c4 Nf6 3. Nc3 Bb4 4. Qc2 c5 5. dxc5 0-0 6. a3 Bxc5 7. Nf3 b6 8. e3 Bb7 9. Be2 Nc6 10. b3 Rc8 11. Bb2 Be7 12. Rd1 a6 13. 0-0 Na5 14. Nd2 Qc7 15. b4 Nc6 16. h3 Rfd8 17. Nf3 Nb8 18. Qb1 d6 19. Rd2 Nbd7 20. Rfd1 Qb8 21. Ne1 Ne5 22. Qa2 Qc7 23. Na4 Bc6 24. Nc3 Bb7 25. Rd4 d5 26. cxd5 exd5 27. Rc1 Qd7 28. Nf3 Bd6 29. Rcd1 Qe6 30. Nxe5 Bxe5 31. R4d3 Rd6 32. Bf3 h5 33. Qb3 g5 34. Na4 g4 35. hxg4 hxg4 36. Be2 g3 37. f4 Bxb2 38. Qxb2 Re8 39. Nc3 Qf5 40. Bf3 Qh7 41. Ne2 Qh2+ 42. Kf1 Ne4 43. Rc1 Nf2 44. Rb3 Nh3 45. Ke1 Ng1 46. Qd4 Nxf3+ 47. gxf3 Bc6 48. f5 Qf2+ 49. Kd2 Bb5 50. Re1 g2 51. Qg4+ Kf8 52. Qg3 Qxg3 53. Nxg3 Bf1 54. Rxf1 gxf1Q 55. Nxf1 Ke7 56. Ng3 Kf6 57. Rd3 Rdd8 58. Ke2 Rh8 59. Kf2 Rh2+ 60. Kg1 Ra2 61. Kf1 Rc8 62. Ne2 Rcc2 0-1

[Event "SUI-chT"]
[Site "Switzerland"]
[Date "2016.03.20"]
[Round "1.6"]
[White "Knoedler, Dieter"]
[Black "Huss, Andreas"]
[Result "1/2-1/2"]
[WhiteElo "2326"]
[BlackElo "2319"]
[PlyCount "110"]
[EventDate "2016.03.20"]
[EventType "team-tourn"]
[EventRounds "9"]
[EventCountry "SUI"]
[SourceTitle "CBM 171 Extra"]
[Source "ChessBase"]
[SourceDate "2016.04.26"]
[SourceVersion "1"]
[SourceVersionDate "2016.04.26"]
[SourceQuality "1"]
[WhiteTeam "Bodan"]
[BlackTeam "Echallens"]
[WhiteTeamCountry "SUI"]
[BlackTeamCountry "SUI"]

1. c4 e6 2. g3 d5 3. Bg2 Nf6 4. Nf3 Be7 5. 0-0 0-0 6. b3 a5 7. Nc3 c6 8. d4 Ne4 9. Bb2 f5 10. Ne5 Nd7 11. Nd3 Bf6 12. e3 b6 13. Rc1 Nxc3 14. Bxc3 Ba6 15. Bb2 Qe7 16. Qd2 Rac8 17. cxd5 cxd5 18. Rxc8 Rxc8 19. Rc1 Rxc1+ 20. Nxc1 Qb4 21. Qxb4 axb4 22. Bf1 Bxf1 23. Kxf1 g5 24. Nd3 Be7 25. Bc1 Nb8 26. f4 g4 27. Bd2 Nc6 28. Ke2 Bd6 29. Be1 Kf7 30. Bd2 Ke8 31. Be1 Kd7 32. Bd2 Kc8 33. Be1 Kb7 34. Bd2 Ka6 35. Be1 Kb5 36. Bd2 Ne7 37. Be1 Ng8 38. Bd2 Nf6 39. Nf2 h5 40. Be1 Be7 41. Kf1 Bd6 42. Ke2 Nd7 43. Nd3 Nf8 44. Kf1 Ng6 45. Ke2 Ne7 46. Kf1 Nc6 47. Ke2 Be7 48. Ne5 Nxe5 49. fxe5 Kc6 50. Kd3 Kd7 51. Ke2 Ke8 52. Kd3 Kf7 53. Ke2 Kg6 54. Kd3 Kg5 55. Ke2 Kg6 1/2-1/2

[Event "Bodensee op"]
[Site "Bregenz"]
[Date "2015.05.17"]
[Round "9"]
[White "Schlosser, Philipp"]
[Black "Knoedler, Dieter"]
[Result "1-0"]
[WhiteElo "2577"]
[BlackElo "2330"]
[PlyCount "77"]
[EventDate "2015.05.09"]
[EventType "swiss"]
[EventRounds "9"]
[EventCountry "AUT"]
[SourceTitle "CBM 166 Extra"]
[Source "ChessBase"]
[SourceDate "2015.06.18"]
[SourceVersion "1"]
[SourceVersionDate "2015.06.18"]
[SourceQuality "1"]

1. c4 Nf6 2. Nf3 e6 3. g3 c5 4. Bg2 Nc6 5. 0-0 d5 6. d4 Be7 7. dxc5 Bxc5 8. a3 Ne4 9. b4 Bb6 10. Bb2 0-0 11. Nbd2 Qe7 12. Qb3 Nxd2 13. Nxd2 Rd8 14. e3 dxc4 15. Nxc4 f6 16. Bc3 Qf7 17. b5 Ne7 18. Nxb6 axb6 19. Rfd1 Rd7 20. Rxd7 Bxd7 21. Rd1 Qe8 22. Bxb7 Rb8 23. Be4 Bxb5 24. Qxe6+ Kh8 25. Rd6 Ng8 26. Qf5 Qg6 27. Qxg6 hxg6 28. Bxg6 Be2 29. Kg2 b5 30. Bb4 Nh6 31. h3 Kg8 32. Rd7 Bc4 33. g4 Be6 34. Re7 Bc4 35. Kg3 Kh8 36. h4 Rd8 37. g5 Ng8 38. Rc7 Rd1 39. Bf8 1-0

[Event "Bodensee op"]
[Site "Bregenz"]
[Date "2015.05.16"]
[Round "8"]
[White "Knoedler, Dieter"]
[Black "Becker, Marcel"]
[Result "1/2-1/2"]
[WhiteElo "2330"]
[BlackElo "2379"]
[PlyCount "60"]
[EventDate "2015.05.09"]
[EventType "swiss"]
[EventRounds "9"]
[EventCountry "AUT"]
[SourceTitle "CBM 166 Extra"]
[Source "ChessBase"]
[SourceDate "2015.06.18"]
[SourceVersion "1"]
[SourceVersionDate "2015.06.18"]
[SourceQuality "1"]

1. c4 c6 2. g3 d5 3. Nf3 Nf6 4. Bg2 dxc4 5. 0-0 Nbd7 6. Na3 Nb6 7. Qc2 Qd5 8. Ne1 Qf5 9. e4 Qh5 10. Nxc4 e5 11. Ne3 Ng4 12. Nxg4 Bxg4 13. f3 Bh3 14. d3 Nd7 15. Be3 Bxg2 16. Kxg2 Be7 17. d4 0-0 18. Rd1 exd4 19. Bxd4 Rfd8 20. Nd3 Nf8 21. Nf4 Qa5 22. a3 Bd6 23. Bc3 Qc7 24. Nd3 Ne6 25. f4 Bf8 26. Ne5 Rxd1 27. Rxd1 Rd8 28. Nf3 Rxd1 29. Qxd1 Qd6 30. Qxd6 Bxd6 1/2-1/2

[Event "Bodensee op"]
[Site "Bregenz"]
[Date "2015.05.16"]
[Round "7"]
[White "Knoedler, Dieter"]
[Black "Bogner, Sebastian"]
[Result "1/2-1/2"]
[WhiteElo "2330"]
[BlackElo "2533"]
[PlyCount "259"]
[EventDate "2015.05.09"]
[EventType "swiss"]
[EventRounds "9"]
[EventCountry "AUT"]
[SourceTitle "CBM 166 Extra"]
[Source "ChessBase"]
[SourceDate "2015.06.18"]
[SourceVersion "1"]
[SourceVersionDate "2015.06.18"]
[SourceQuality "1"]

1. c4 Nf6 2. g3 c6 3. Bg2 d5 4. Nf3 Bf5 5. cxd5 cxd5 6. Qb3 Nc6 7. Qxb7 Bd7 8. Qb3 e5 9. 0-0 Rb8 10. Qd1 Bd6 11. d3 0-0 12. Nc3 d4 13. Nb1 Qc7 14. Nbd2 Na5 15. a3 Nb3 16. Nxb3 Ba4 17. Bg5 Bxb3 18. Qd2 Nd5 19. Rfc1 Qb6 20. Qe1 h6 21. Bd2 Rfe8 22. Nh4 Bf8 23. Nf5 Qg6 24. Nh4 Qe6 25. e4 Nb6 26. Rc7 Na4 27. Rxa7 Nxb2 28. Qe2 Qb6 29. Ra5 Bc2 30. Bb4 Bxd3 31. Qg4 Qf6 32. Nf5 Bxb4 33. axb4 Rxb4 34. Ra7 Bc4 35. h4 d3 36. Bf1 Be6 37. R1a6 Bxf5 38. Rxf6 Bxg4 39. Rfxf7 Be6 40. Rxg7+ Kf8 41. Bh3 Bb3 42. Bg4 d2 43. Rg6 Bf7 44. Rxh6 Rxe4 45. Bh5 d1Q+ 46. Bxd1 Nxd1 47. Rh8+ Bg8 48. Rh5 Re7 49. Ra8+ Kf7 50. Rh8 Rg4 51. h5 Re8 52. Rxe8 Kxe8 53. h6 Kf7 54. h7 Nc3 55. Kf1 Bxh7 56. Rxh7+ Kf6 57. Rc7 Nd5 58. Rc5 Rd4 59. Ke2 e4 60. Ra5 Ke6 61. Ra6+ Ke5 62. Ra5 Rd3 63. Kf1 Rd2 64. Ke1 Rb2 65. Kf1 Kd4 66. Kg1 Nc3 67. Ra8 Kd3 68. g4 Kd4 69. Re8 Nd5 70. Rf8 Ke5 71. Rf5+ Ke6 72. Rf8 Nf6 73. g5 Nd7 74. Re8+ Kf5 75. g6 Rb6 76. f3 exf3 77. g7 Rg6+ 78. Kf2 Rxg7 79. Kxf3 Ne5+ 80. Kf2 Ra7 81. Ke3 Ra3+ 82. Kd4 Rd3+ 83. Kc5 Ke4 84. Rh8 Rc3+ 85. Kb4 Rc4+ 86. Kb5 Rc1 87. Re8 Kd5 88. Rd8+ Ke6 89. Rd2 Nc4 90. Rd3 Ke5 91. Kb4 Nb6 92. Kb5 Rb1+ 93. Kc6 Nc4 94. Kc5 Rc1 95. Kb4 Nd6 96. Rd2 Nf5 97. Kb5 Nd4+ 98. Kb6 Rb1+ 99. Kc7 Kd5 100. Rd3 Rh1 101. Rd2 Kc5 102. Rd3 Rh7+ 103. Kd8 Nc6+ 104. Ke8 Rh8+ 105. Kf7 Ne5+ 106. Kg7 Rh1 107. Rd2 Rf1 108. Rd8 Rf7+ 109. Kh6 Nc6 110. Rd1 Nd4 111. Kg6 Rf2 112. Ra1 Kd5 113. Ra5+ Ke4 114. Ra4 Rb2 115. Kf6 Rb5 116. Kg6 Ke5 117. Kg5 Ne2 118. Kg4 Nc3 119. Rc4 Ne4 120. Ra4 Nc5 121. Rc4 Ne6 122. Ra4 Nd4 123. Rc4 Rb8 124. Rc5+ Ke4 125. Kg3 Nf5+ 126. Kg4 Rg8+ 127. Kh5 Ng7+ 128. Kg6 Ne6+ 129. Kf7 Nxc5 130. Kxg8 1/2-1/2

[Event "Bodensee op"]
[Site "Bregenz"]
[Date "2015.05.11"]
[Round "3"]
[White "Knoedler, Dieter"]
[Black "Sucher, Johannes"]
[Result "1-0"]
[WhiteElo "2330"]
[BlackElo "2179"]
[PlyCount "87"]
[EventDate "2015.05.09"]
[EventType "swiss"]
[EventRounds "9"]
[EventCountry "AUT"]
[SourceTitle "CBM 166 Extra"]
[Source "ChessBase"]
[SourceDate "2015.06.18"]
[SourceVersion "1"]
[SourceVersionDate "2015.06.18"]
[SourceQuality "1"]

1. c4 e5 2. g3 Nc6 3. Nc3 g6 4. Bg2 Bg7 5. d3 Nge7 6. e4 d6 7. Nge2 0-0 8. 0-0 Be6 9. Nd5 Qd7 10. Bg5 f6 11. Be3 Nd8 12. d4 f5 13. Qd2 fxe4 14. Nxe7+ Qxe7 15. d5 Bf5 16. Nc3 b6 17. b4 a5 18. a3 Nf7 19. Nxe4 h5 20. h4 Kh7 21. c5 Bxe4 22. Bxe4 Bh6 23. cxb6 cxb6 24. Qd3 Bxe3 25. Qxe3 Rab8 26. Rac1 Nh6 27. Rc6 axb4 28. axb4 Ng4 29. Qg5 Qf6 30. Qxh5+ Nh6 31. Rc7+ Rf7 32. Rxf7+ Qxf7 33. Qg5 Kg7 34. h5 Rc8 35. Ra1 Rc7 36. Ra6 Qf6 37. Qxf6+ Kxf6 38. Rxb6 Ke7 39. Bxg6 Ng4 40. Rc6 Rb7 41. Rc4 Nf6 42. h6 Nxd5 43. Be4 Ke6 44. Rc8 1-0

[Event "SUI-chT"]
[Site "Switzerland"]
[Date "2013.10.12"]
[Round "8.1"]
[White "Pelletier, Yannick"]
[Black "Knoedler, Dieter"]
[Result "1-0"]
[WhiteElo "2604"]
[BlackElo "2344"]
[PlyCount "55"]
[EventDate "2013.03.17"]
[EventType "team-tourn"]
[EventRounds "9"]
[EventCountry "SUI"]
[SourceTitle "EXT 2014"]
[Source "ChessBase"]
[SourceDate "2013.11.20"]
[SourceVersion "1"]
[SourceVersionDate "2013.11.20"]
[SourceQuality "1"]
[WhiteTeam "Zuerich"]
[BlackTeam "Bodan"]
[WhiteTeamCountry "SUI"]
[BlackTeamCountry "SUI"]

1. c4 e6 2. g3 Nf6 3. Bg2 c5 4. Nf3 d5 5. cxd5 exd5 6. d4 Nc6 7. 0-0 Be7 8. Nc3 0-0 9. Bg5 c4 10. Ne5 Be6 11. Bxf6 Bxf6 12. f4 Ne7 13. e3 g6 14. b3 Rc8 15. Qd2 cxb3 16. axb3 a6 17. Na4 Nf5 18. Nc5 Bxe5 19. fxe5 Qg5 20. Rf4 Rc7 21. e4 dxe4 22. Nxe4 Qe7 23. d5 Bc8 24. Qb2 Qd8 25. d6 Rc6 26. Nf6+ Kg7 27. Bxc6 bxc6 28. g4 1-0

[Event "SUI-chT"]
[Site "Switzerland"]
[Date "2013.06.23"]
[Round "5.3"]
[White "Atlas, Valeri"]
[Black "Knoedler, Dieter"]
[Result "1-0"]
[WhiteElo "2448"]
[BlackElo "2344"]
[PlyCount "59"]
[EventDate "2013.03.17"]
[EventType "team-tourn"]
[EventRounds "9"]
[EventCountry "SUI"]
[SourceTitle "EXT 2014"]
[Source "ChessBase"]
[SourceDate "2013.11.20"]
[SourceVersion "1"]
[SourceVersionDate "2013.11.20"]
[SourceQuality "1"]
[WhiteTeam "Luzern"]
[BlackTeam "Bodan"]
[WhiteTeamCountry "SUI"]
[BlackTeamCountry "SUI"]

1. e4 e6 2. d4 d5 3. Nc3 Bb4 4. e5 c5 5. a3 Bxc3+ 6. bxc3 Ne7 7. Qg4 Qc7 8. Bd3 cxd4 9. Ne2 dxc3 10. Qxg7 Rg8 11. Qxh7 Qxe5 12. Bf4 Qf6 13. h4 Nd7 14. Bg5 Qh8 15. Qxh8 Rxh8 16. Nxc3 f6 17. Be3 a6 18. f4 b5 19. Rb1 Rb8 20. h5 Kf7 21. Ne2 Bb7 22. a4 bxa4 23. Ba7 a3 24. Bxb8 a2 25. Ra1 Rxb8 26. Rxa2 Nc5 27. Rb2 Rg8 28. h6 Rh8 29. Nd4 Ng8 30. f5 1-0